Fr. Conceicao Rodrigues College of Engineering

Effective Industrial Management (Record no. 28099)

MARC details
000 -LEADER
fixed length control field 00287nam a2200133Ia 4500
082 ## - DEWEY DECIMAL CLASSIFICATION NUMBER
Classification number 658
100 ## - MAIN ENTRY--PERSONAL NAME
Personal name Lundy/J.L
245 ## - TITLE STATEMENT
Title Effective Industrial Management
260 ## - PUBLICATION, DISTRIBUTION, ETC.
Name of publisher, distributor, etc. Eurasia publishing house
Date of publication, distribution, etc. 2001
300 ## - PHYSICAL DESCRIPTION
Extent 588
546 ## - LANGUAGE NOTE
Language note ENGLISH
654 ## - SUBJECT ADDED ENTRY--FACETED TOPICAL TERMS
Focus term Industrial
942 ## - ADDED ENTRY ELEMENTS (KOHA)
Koha item type BOOK
Holdings
Withdrawn status Lost status Damaged status Not for loan Collection Home library Current library Date acquired Cost, normal purchase price Inventory number Total Checkouts Full call number Barcode Date last seen Cost, replacement price Price effective from Koha item type
        AFT Fr. Agnel's C.Rodrigues College of Engineering Fr. Agnel's C.Rodrigues College of Engineering 17/03/2023 10.00 1075   658 AFT792 17/03/2023 10.00 17/03/2023 BOOK